[Event "IECC Swiss-489.2"]
[Site "IECC email"]
[Date "2005.02.01"]
[Round "?"]
[White "De Sales, Leonardo Fontes"]
[Black "Magalhaes, Joao Flavio"]
[Result "0-1"]
[WhiteElo "1058"]
[BlackElo "1523"]
[PlyCount "36"]
[EventDate "2005.??.??"]
[EventType "swiss (corr)"]
[EventRounds "1"]
[SourceTitle "Corr 2020"]
[Source "ChessBase"]
[SourceDate "2019.09.30"]
[SourceVersion "1"]
[SourceVersionDate "2019.09.30"]
[SourceQuality "1"]
[WhiteTeam "Brazil"]
[BlackTeam "Brazil"]
[WhiteTeamCountry "BRA"]
[BlackTeamCountry "BRA"]

1. e4 e5 2. Nf3 Nc6 3. Bb5 a6 4. Bxc6 dxc6 5. Nxe5 Qd4 6. Nf3 Qxe4+ 7. Kf1 Nf6 8. d3 Qf5 9. Ng5 Bd6 10. Qe1+ Be6 11. Qc3 0-0 12. Ne4 Nxe4 13. dxe4 Qxe4 14. Nd2 Qa4 15. Nf3 Bb4 16. Qe5 Qxc2 17. Qxc7 Qd1+ 18. Ne1 Qxe1# 0-1